000 00691nam a22002297a 4500
005 20260409170455.0
008 260409b |||||||| |||| 00| 0 eng d
020 _a9780521618144
_qpbk
082 _a417.7
_bCOU
100 _aCoupland, Nikolas
245 _aStyle : language variation and identity
250 _a1st pub. 2007 ; rep. 2009
260 _aCambridge
_bCambridge University Press
_c2007
300 _axiii, 209p. ; 22cm.
440 _aKey topics in sociolinguistics
653 _aLanguage and languages--Variation
653 _aLanguage and languages--Style
653 _aSociolinguistics
653 _aIdentity (Psychology)
653 _aHS634
942 _2ddc
_cBK
999 _c53140
_d53140